| 000 | 00942cam a2200301Ia 4500 | ||
|---|---|---|---|
| 001 | 9169511 | ||
| 003 | ARRUPE | ||
| 005 | 20161206122716.0 | ||
| 008 | 930326s1901 enk 000 0 eng d | ||
| 029 | 1 |
_aUNITY _b111511739 |
|
| 029 | 1 |
_aUKHSF _bvr02645998 |
|
| 035 | _a(OCoLC)ocm27805081 | ||
| 035 | _a(OCoLC)27805081 | ||
| 035 | _a(NNC)9169511 | ||
| 040 |
_aRCM _cRCM _dOCLCG |
||
| 090 |
_aB2947 _b.C3 1901 |
||
| 100 | 1 |
_aCaird, Edward, _d1835-1908. _927664 |
|
| 245 | 1 | 0 |
_aHegel / _cby Edward Caird. |
| 260 |
_aEdinburgh ; _aLondon : _bW. Blackwood, _c2005. |
||
| 300 |
_aviii, 224 p. ; _c18 cm. |
||
| 490 | 1 |
_aPhilosophical classics for English readers ; _vv. 7 |
|
| 500 | _aPublished originally in 1883 | ||
| 600 | 1 | 0 |
_aHegel, Georg Wilhelm Friedrich, _d1770-1831. _927669 |
| 830 | 0 |
_aPhilosophical classics for English readers ; _v7. _927670 |
|
| 942 |
_2lcc _cMONOGRAPH |
||
| 948 | 2 |
_a20111221 _ba _cgarecap6 _dRCP |
|
| 999 |
_c125801 _d125801 |
||